Word Ladder: Hebrew Letters Quiz Stats

 Plays Quiz Updated Dec 8, 2018

Support Sporcle.
Go Orange.
Score 0/20 Timer 02:00
0 Plays Today
Clue 3-Letter Word % Correct
Dad's wifeMOM
93.3%
___ KippurYOM
93%
Adult malesMEN
90.8%
Center of our solar systemSUN
89.3%
Young boyLAD
87.2%
מ‎•MEM•
86.2%
Basking on a beach resultTAN
85.9%
Sn, to a chemistTIN
81.6%
שׂ‬•SIN•
79.7%
Cool or neatoRAD
76.2%
Clue 3-Letter Word % Correct
EnjoymentFUN
73.3%
StatuteLAW
71%
Partner of a cone in the eyeROD
68.1%
י‎•YOD•
68%
One who comes in off the benchSUB
68%
A swampFEN
67.9%
נ‎•NUN•
45.1%
A small projecting part or bitNUB
41.4%
תּ‎•TAW•
26.9%
ו•WAW•
16.9%

Today's Daily Dose

Missing Word
50 Cent Songs

Word Ladder
Close Gunshot

Quick Pick
Pop Punk Bands

Get the Picture
An 'S' in Disney

From the Vault

Border Checkup: Middle East

by Ubbiebubbie

You really need to check this out.
Remove Ads.
Support Sporcle.
Get the best of Sporcle when you Go Orange. This ad-free experience offers more features, more stats, and more fun while also helping to support Sporcle. Thank you for becoming a member.

Show Comments

Extras

Top Quizzes Today


Score Distribution

Your Account Isn't Verified!

In order to create a playlist on Sporcle, you need to verify the email address you used during registration. Go to your Sporcle Settings to finish the process.

Report this User

Report this user for behavior that violates our Community Guidelines.

Details: